000 00335nam a22001337a 4500
008 250320b |||||||| |||| 00| 0 eng d
020 _a0673129314
050 _aPN51
_b.L58
100 _aMCDONNELL Helen
245 _aLiterature And Life
260 _aNew Jersey
_bScott Foreman and Company
_c1982
300 _axiii, 591p.
942 _cBK
999 _c2544
_d2544